| 000 | 00826nam a22002537a 4500 | ||
|---|---|---|---|
| 005 | 20161220164755.0 | ||
| 008 | 160617b xxu||||| |||| 00| 0 eng d | ||
| 010 | _a1617CH-EN | ||
| 020 |
_a9780753437940 _c199.00 |
||
| 035 | _aB-646922-942 | ||
| 037 |
_bTechniz/ven _adpl |
||
| 082 | _aS | ||
| 100 | _aLlewellyn, Claire | ||
| 245 |
_aAfrican savannah / _cby Claire Llewellyn |
||
| 260 |
_aLondon _bKingfisher Publications _c2015 |
||
| 270 |
_a 20,New Wharf Road, _bLondon _eN19RR |
||
| 300 |
_a32 p. _bcol. ill. _c23 cm.(pbk) |
||
| 490 | _aKIngfisher Readers level 2 | ||
| 630 | _a | ||
| 650 | _2 | ||
| 856 | _3Publisher description | ||
| 942 |
_2ddc _cCH _hS _mLLE |
||
| 999 |
_c100502 _d100502 |
||